Países que contienen la letra U - Estadísticas

Estadísticas generales
  • Esta prueba ha sido intentada 25 veces
    13 desde el último reinicio
  • La puntuación promedio es 66 de 72
Estadísticas de respuestas
País % Correcto
Antigua y Barbuda
100%
Arabia Saudita
100%
Australia
100%
Austria
100%
Bielorrusia
100%
Bulgaria
100%
Burkina Faso
100%
Burundi
100%
Camerún
100%
Estados Unidos
100%
Guatemala
100%
Guyana
100%
Honduras
100%
Mauricio
100%
Mauritania
100%
Nicaragua
100%
Paraguay
100%
Perú
100%
República Checa
100%
República del Congo
100%
República Democrática del Congo
100%
República Dominicana
100%
Rumanía
100%
Rusia
100%
Sudáfrica
100%
Sudán
100%
Sudán del Sur
100%
Surinam
100%
Turkmenistán
100%
Turquía
100%
Uruguay
100%
Zimbabue
100%
Botsuana
89%
Bután
89%
Corea del Sur
89%
Cuba
89%
Ecuador
89%
Guinea
89%
Guinea-Bissau
89%
Guinea Ecuatorial
89%
Hungría
89%
Kirguistan
89%
Kuwait
89%
Luxemburgo
89%
Malaui
89%
Marruecos
89%
Nauru
89%
Papúa Nueva Guinea
89%
República Centroafricana
89%
Ruanda
89%
Suecia
89%
Suiza
89%
Túnez
89%
Tuvalu
89%
Uganda
89%
Uzbekistán
89%
Vanuatu
89%
Yibuti
89%
Brunéi
78%
Emiratos Árabes Unidos
78%
Eslovaquia
78%
Lituania
78%
Mozambique
78%
Mozambique
78%
Noruega
78%
Nueva Zelanda
78%
Reino Unido
78%
Reino Unido
78%
Ucrania
78%
Ciudad del Vaticano
67%
Esuatini
67%
Singapur
67%
No se encontraron pruebas coincidentes
Distribución de puntuación
Porcentaje de gente con cada puntuación
Porcentaje por número respondido
Historial de tus puntuaciones
No has intentado esta prueba desde el último reinicio